[Event "Africa-ch U2300"]
[Site "Lome"]
[Date "2016.08.15"]
[Round "6.5"]
[White "Dieyi, Roland"]
[Black "Unwana, Eugene Ekpoikong"]
[Result "1-0"]
[WhiteElo "2144"]
[BlackElo "2131"]
[PlyCount "45"]
[EventDate "2016.08.11"]
[EventType "tourn"]
[EventRounds "9"]
[EventCountry "TOG"]
[SourceTitle "EXT 2024"]
[Source "ChessBase"]
[SourceDate "2023.10.10"]
[SourceVersion "1"]
[SourceVersionDate "2023.10.10"]
[SourceQuality "1"]

1. d4 d5 2. Nf3 Nf6 3. e3 e6 4. Bd3 c5 5. b3 Nc6 6. Bb2 Bd6 7. 0-0 0-0 8. Ne5 Re8 9. Qf3 Bd7 10. a3 Rc8 11. Nd2 cxd4 12. exd4 a6 13. Qh3 Ne7 14. Ndf3 Bb5 15. Nxf7 Qc7 16. N3e5 Bxe5 17. Nxe5 Qd6 18. c4 dxc4 19. bxc4 Bc6 20. Rae1 g6 21. c5 Qd8 22. Qxe6+ Kg7 23. Qf7+ 1-0

[Event "Africa-ch U2300"]
[Site "Lome"]
[Date "2016.08.13"]
[Round "4.4"]
[White "Fawole, John Oyeyemi"]
[Black "Unwana, Eugene Ekpoikong"]
[Result "1-0"]
[WhiteElo "2175"]
[BlackElo "2131"]
[PlyCount "56"]
[EventDate "2016.08.11"]
[EventType "tourn"]
[EventRounds "9"]
[EventCountry "TOG"]
[SourceTitle "EXT 2024"]
[Source "ChessBase"]
[SourceDate "2023.10.10"]
[SourceVersion "1"]
[SourceVersionDate "2023.10.10"]
[SourceQuality "1"]

1. d4 Nf6 2. Nf3 g6 3. c4 Bg7 4. g3 0-0 5. Bg2 d6 6. 0-0 Nbd7 7. Nc3 e5 8. e4 exd4 9. Nxd4 Re8 10. h3 a6 11. Be3 c6 12. Qc2 Qc7 13. Rac1 b6 14. Nxc6 Bb7 15. Nd4 Qxc4 16. Qb1 Qb4 17. a3 Qa5 18. Nd5 Bxd5 19. exd5 Rec8 20. Rxc8+ Rxc8 21. Nc6 Rxc6 22. dxc6 b5 23. cxd7 Nxd7 24. Rd1 Ne5 25. Rxd6 Nc4 26. Rd7 Nxe3 27. fxe3 Qb6 28. Qd3 Qf6 1-0

[Event "Lagos Friends of Chess"]
[Site "Lagos"]
[Date "2015.08.08"]
[Round "6"]
[White "Agusto, Olaonipekun"]
[Black "Unwana, Eugene Ekpoikong"]
[Result "0-1"]
[WhiteElo "2026"]
[BlackElo "2300"]
[PlyCount "68"]
[EventDate "2015.08.06"]
[EventType "swiss"]
[EventRounds "7"]
[EventCountry "NGR"]
[SourceTitle "EXT 2018"]
[Source "ChessBase"]
[SourceDate "2017.10.13"]
[SourceVersion "1"]
[SourceVersionDate "2017.10.13"]
[SourceQuality "1"]

1. Nf3 e6 2. g3 f5 3. b3 Nf6 4. Bb2 d6 5. d4 Be7 6. Bg2 0-0 7. c4 a5 8. 0-0 Qe8 9. Nc3 Qh5 10. Ne1 Qg6 11. Nd3 c6 12. Re1 Nbd7 13. Nf4 Qf7 14. d5 Ne5 15. e4 fxe4 16. Nxe4 Nxe4 17. Bxe4 exd5 18. cxd5 g5 19. Bxe5 dxe5 20. dxc6 gxf4 21. cxb7 fxg3 22. f3 Bxb7 23. Bxb7 Bc5+ 24. Kg2 Qxb7 25. Rxe5 Rad8 26. Rg5+ Kh8 27. Qe2 Rfe8 28. Re5 Qd7 29. Re1 Rg8 30. Rxc5 gxh2+ 31. Kxh2 Rg7 32. Qe5 Qd2+ 33. Re2 Qh6+ 34. Qh5 Qf4+ 0-1

[Event "Lagos Friends of Chess"]
[Site "Lagos"]
[Date "2015.08.06"]
[Round "1"]
[White "Unwana, Eugene Ekpoikong"]
[Black "Salawu, Mutiu Omobolaji"]
[Result "0-1"]
[WhiteElo "2300"]
[BlackElo "2070"]
[PlyCount "74"]
[EventDate "2015.08.06"]
[EventType "swiss"]
[EventRounds "7"]
[EventCountry "NGR"]
[SourceTitle "EXT 2018"]
[Source "ChessBase"]
[SourceDate "2017.10.13"]
[SourceVersion "1"]
[SourceVersionDate "2017.10.13"]
[SourceQuality "1"]

1. e4 c6 2. c4 d5 3. cxd5 cxd5 4. exd5 Qxd5 5. Nc3 Qa5 6. Bc4 Nf6 7. Nf3 Bg4 8. Qb3 Bxf3 9. Bxf7+ Kd8 10. gxf3 Qe5+ 11. Kf1 Nbd7 12. Qxb7 Rb8 13. Qxa7 e6 14. d4 Qf5 15. d5 Bc5 16. Qa5+ Bb6 17. Qa4 Qxf3 18. Qf4 Qxh1+ 19. Ke2 exd5 20. Qg3 g6 21. Bg5 Qxa1 22. Bxf6+ Nxf6 23. Qxb8+ Ke7 24. Qb7+ Nd7 25. Nxd5+ Kd6 26. Ne3 Qxb2+ 27. Kf1 Qc1+ 28. Ke2 Bxe3 29. Qd5+ Kc7 30. fxe3 Qc2+ 31. Ke1 Qc3+ 32. Ke2 Rb8 33. Be6 Rb2+ 34. Kf3 Qc6 35. h4 Qxd5+ 36. Bxd5 Kd6 37. Bf7 Ne5+ 0-1

[Event "Lagos Millionaire Satellite op"]
[Site "Lagos"]
[Date "2015.06.11"]
[Round "3"]
[White "Unwana, Eugene Ekpoikong"]
[Black "Fabeyo, Frederick"]
[Result "1-0"]
[WhiteElo "2321"]
[BlackElo "2031"]
[PlyCount "73"]
[EventDate "2015.06.10"]
[EventType "swiss"]
[EventRounds "9"]
[EventCountry "NGR"]
[SourceTitle "EXT 2018"]
[Source "ChessBase"]
[SourceDate "2017.10.13"]
[SourceVersion "1"]
[SourceVersionDate "2017.10.13"]
[SourceQuality "1"]

1. e4 c6 2. d4 d5 3. e5 Bf5 4. Nc3 e6 5. g4 Bg6 6. Nge2 Bb4 7. Nf4 Ne7 8. h4 h6 9. Nxg6 Nxg6 10. h5 Ne7 11. a3 Bxc3+ 12. bxc3 Nd7 13. a4 Qa5 14. Rh3 c5 15. Bb5 Nc6 16. Bd2 Qc7 17. f4 a6 18. Bxc6 Qxc6 19. a5 0-0-0 20. Be3 c4 21. Bc1 f6 22. Ba3 g5 23. hxg6 Rdg8 24. f5 fxe5 25. dxe5 exf5 26. gxf5 Nxe5 27. Qd4 Re8 28. 0-0-0 Qa4 29. Qc5+ Nc6 30. f6 Re2 31. Rd2 Rxd2 32. Kxd2 Re8 33. Re3 Rxe3 34. Qxe3 Qxa3 35. g7 Qxa5 36. g8Q+ Kc7 37. Qgg3+ 1-0

[Event "Lome zt 4.4"]
[Site "Lome"]
[Date "2015.03.17"]
[Round "5"]
[White "Unwana, Eugene Ekpoikong"]
[Black "Anquandah, Francis Eric"]
[Result "1-0"]
[WhiteElo "2285"]
[BlackElo "1956"]
[PlyCount "71"]
[EventDate "2015.03.14"]
[EventType "swiss"]
[EventRounds "9"]
[EventCountry "TOG"]
[SourceTitle "CBM 165 Extra"]
[Source "ChessBase"]
[SourceDate "2015.04.21"]
[SourceVersion "1"]
[SourceVersionDate "2015.04.21"]
[SourceQuality "1"]

1. e4 d5 2. exd5 Qxd5 3. d4 c6 4. c4 Qd8 5. Nf3 Bf5 6. Bf4 e6 7. Qb3 b6 8. Nc3 Bd6 9. Bg5 Nf6 10. Ne5 Qc7 11. f4 h6 12. Bh4 g5 13. Bg3 gxf4 14. Bxf4 Nh5 15. Be3 Bxe5 16. dxe5 Qxe5 17. Ne2 Qe4 18. 0-0-0 Nd7 19. Rd4 Qb1+ 20. Kd2 0-0-0 21. Nc3 Nc5 22. Nxb1 Nxb3+ 23. axb3 Bxb1 24. g4 Be4 25. Rg1 e5 26. Rxd8+ Rxd8+ 27. Kc3 Nf4 28. b4 Rd1 29. g5 hxg5 30. Bxf4 Rxf1 31. Rxf1 gxf4 32. Re1 f3 33. Kd2 f5 34. h4 Kd7 35. Ke3 Ke6 36. h5 1-0

[Event "Lome zt 4.4"]
[Site "Lome"]
[Date "2015.03.14"]
[Round "2"]
[White "Kamara, Ansumana"]
[Black "Unwana, Eugene Ekpoikong"]
[Result "0-1"]
[WhiteElo "2074"]
[BlackElo "2285"]
[PlyCount "70"]
[EventDate "2015.03.14"]
[EventType "swiss"]
[EventRounds "9"]
[EventCountry "TOG"]
[SourceTitle "CBM 165 Extra"]
[Source "ChessBase"]
[SourceDate "2015.04.21"]
[SourceVersion "1"]
[SourceVersionDate "2015.04.21"]
[SourceQuality "1"]

1. e4 c5 2. Nf3 d6 3. d4 cxd4 4. Nxd4 Nf6 5. Nc3 g6 6. Be2 Bg7 7. Be3 Nc6 8. h3 0-0 9. Qd2 Nxd4 10. Bxd4 Be6 11. 0-0 Qa5 12. f3 Rac8 13. a3 a6 14. Rad1 Rfd8 15. Bxf6 Bxf6 16. Kh1 Bxc3 17. bxc3 Qxc3 18. Bd3 Qxa3 19. Rb1 Rc7 20. Rb6 Qc5 21. Rfb1 Bc8 22. g4 h5 23. Kg2 Kg7 24. Kg3 hxg4 25. hxg4 Rh8 26. f4 Bxg4 27. Kxg4 Qh5+ 28. Kg3 Qh3+ 29. Kf2 Qg4 30. Ke1 Rh1+ 31. Bf1 Qh3 32. Qf2 Rxc2 33. Qxc2 Rxf1+ 34. Kd2 Rf2+ 35. Kd1 Qf3+ 0-1